000 01392nam a22003617a 4500
003 CHAP
005 20220329143438.0
008 090909s2008 mx r 00010 spa d
010 _a96714
011 _a97686
020 _a9789680204670
035 _a108356
040 _cCHAP
082 0 4 _a305.50972
_bM79
100 0 0 _aMora Zebadúa, Héctor M.
_978182
245 1 3 _aUn siglo del programa del proletariado en México (Partido Liberal Mexicano 1906)
_c/por Héctor M. Mora Zebadúa, Victor H. Palacio Muñoz y Omar M. Guzmám Navarro
260 _aChapingo, Méx. :
_bUACH. CIESTAAM. Programa Integración Agricultura Industria,
_c2008
300 _a181 p.
590 _aBATCH-UPD
_b10
_c20130110
_lUCH01
_h1105
590 _aBATCH-UPD
_b10
_c20130410
_lUCH01
_h0657
590 _aBATCH-UPD
_b10
_c20130914
_lUCH01
_h1735
590 _aCONVERSION
_b10
_c20130109
_lUCH01
_h1353
650 1 4 _aLucha de clases.
_968871
650 1 4 _aMéxico
_xHistoria
_xRevolución.
_976768
650 1 4 _aMovimientos sociales
_xMéxico.
_979173
650 1 4 _aProletariado.
_992398
650 1 4 _aRevoluciones.
_996715
901 _aBK
942 _cLIBRO
949 _a305.50972 M79
_bBC
_cLIBRO
_d33724002114446
_eLIBRO
_fc.2
_h111482
_i108356
_sb
949 _a305.50972 M79
_bBC
_cLIBRO
_d33724002215215
_eLIBRO
_fc.3
_h113047
_i108356
_sb
949 _a305.50972 M79
_bBC
_cUACH
_d33724002114520
_eUACH
_h111480
_i108356
_sb
999 _c96714
_d96714